Introducción al pensamiento filosófico / (Record no. 74811)

MARC details
000 -LEADER
campo de control de longitud fija 00740nam a2200217 i 4500
001 - NÚMERO DE CONTROL
campo de control 74811
003 - IDENTIFICADOR DE NÚMERO DE CONTROL
campo de control ES-MaACL
007 - CAMPO FIJO DE DESCRIPCIÓN FÍSICA--INFORMACIÓN GENERAL
campo de control de longitud fija t|
008 - DATOS DE LONGITUD FIJA--INFORMACIÓN GENERAL
campo de control de longitud fija 040921s1974 sp ||||1| spa d
100 1# - ENTRADA PRINCIPAL--NOMBRE DE PERSONA
Nombre de persona Gourinat, Michel.
9 (RLIN) 59360
245 10 - MENCIÓN DEL TÍTULO
Título Introducción al pensamiento filosófico /
Mención de responsabilidad, etc. Michel Gourinat ; [traducción, Florentino Trapero y Santiago González Noriega].
260 ## - PUBLICACIÓN, DISTRIBUCIÓN, ETC.
Lugar de publicación, distribución, etc. Madrid :
Nombre del editor, distribuidor, etc. Istmo,
Fecha de publicación, distribución, etc. [1974]
300 ## - DESCRIPCIÓN FÍSICA
Extensión 3 v. :
Otras características físicas il. ;
Dimensiones 18 cm.
490 1# - MENCIÓN DE SERIE
Mención de serie Fundamentos
700 1# - ENTRADA AGREGADA--NOMBRE PERSONAL
Nombre de persona Trapero, Florentino.
9 (RLIN) 176602
700 1# - ENTRADA AGREGADA--NOMBRE PERSONAL
Nombre de persona González Noriega, Santiago.
9 (RLIN) 58840
830 00 - PUNTO DE ACCESO ADICIONAL DE SERIE-TÍTULO UNIFORME
Título uniforme Fundamentos (Ediciones Istmo)
9 (RLIN) 121682
852 ## - LOCALIZACIÓN
Ubicación ES-MaACL
Número de control de estantería E-6731-3
Sublocalización o colección R.91391
852 ## - LOCALIZACIÓN
Ubicación ES-MaACL
Número de control de estantería E-7148
Sublocalización o colección R.91250
Holdings
Estatus retirado Estado de pérdida Estado de daño No para préstamo Biblioteca de origen Biblioteca actual Ubicación en estantería Fecha de adquisición Fuente de adquisición Total de préstamos Signatura topográfica completa Código de barras Visto por última vez Precio de reemplazo Tipo de ítem Koha
        Biblioteca del Ateneo de Madrid Biblioteca del Ateneo de Madrid Depósito 2 17/01/2008     E-7148 1078309 23/02/2023 23/02/2023 Libro impreso
        Biblioteca del Ateneo de Madrid Biblioteca del Ateneo de Madrid Depósito 2 17/01/2008     E-6731-3 1078308 23/02/2023 23/02/2023 Libro impreso